გეგუთის ძელქვები: ლეგენდები; მწერლის ჩანაწერები. / მამია ასათიანი. / მამია ასათიანი (ბიბ.ჩანაწერი № 39505)
[ მარტივი ფორმატი ]
| 000 -LEADER | |
|---|---|
| fixed length control field | 00735nam a2200193Ia 4500 |
| 001 - CONTROL NUMBER | |
| control field | 6101 |
| 003 - CONTROL NUMBER IDENTIFIER | |
| control field | GE_BSU |
| 008 - FIXED-LENGTH DATA ELEMENTS--GENERAL INFORMATION | |
| fixed length control field | 181216s||||||||xx |||||||||||||| ||und|| |
| 040 ## - CATALOGING SOURCE | |
| Transcribing agency | GE_BSU |
| 080 ## - UNIVERSAL DECIMAL CLASSIFICATION NUMBER | |
| Universal Decimal Classification number | 821.353.1-343 |
| 100 ## - MAIN ENTRY--PERSONAL NAME | |
| Personal name | ასათიანი, მამია |
| 245 ## - TITLE STATEMENT | |
| Title | გეგუთის ძელქვები: ლეგენდები; მწერლის ჩანაწერები. / მამია ასათიანი. / მამია ასათიანი |
| 245 ## - TITLE STATEMENT | |
| Statement of responsibility, etc. | რედ.: ნ. ინასარიძე |
| 260 ## - PUBLICATION, DISTRIBUTION, ETC. | |
| Place of publication, distribution, etc. | თბილისი |
| 260 ## - PUBLICATION, DISTRIBUTION, ETC. | |
| Name of publisher, distributor, etc. | საბჭოთა საქართველო |
| 260 ## - PUBLICATION, DISTRIBUTION, ETC. | |
| Date of publication, distribution, etc. | 1968 |
| 300 ## - PHYSICAL DESCRIPTION | |
| Extent | 438გვ.; 21სმ. |
| 942 ## - ADDED ENTRY ELEMENTS (KOHA) | |
| Koha item type | წიგნი |
არაა ხელმისაწვდომი ეგზემპლარები.
